000
00297nam a2200109Ia 4500
008
220204s9999 xx 000 0 und d
082
_a
543.422.25
_b
NUC
245
0
_a
Nuclear magnetic resonance. V 5
260
_a
London
_b
Chemical Society
_c
1976
650
_a
Nuclear magnetic resonance
942
_c
BK
999
_c
34780
_d
34780